Регионална библиотека "Любен Каравелов" - Русе

Щастието ти отива (Запис номер 398459)

MARC детайли
000 -Лидер
Контролно поле с фиксирана дължина 01155nam a2200289 a 4500
003 - Код на организацията, давaща контролен номер
Контролно поле BLK
005 - Дата и час на последна редакция
Контролно поле 20250710104319.0
008 - Елементи от данни с фиксирана дължина
fixed length control field 210215b bu |||||r|||| 00| | bu d
020 ## - Международен стандартен номер на книга ISBN
Международен стандартен номер на книга ISBN 9789547833272
040 ## - Източник на каталожния запис
Идентификатор на билиотеката - собственик на записа BLK
041 ## - Код за език
Код за езика на текст/звукозапис или на отделно заглавие Български
Код за езика КДБФ Български
080 ## - УДК
Текстов определител УДК Емоции, чувства, преживявания. Емпатия
УДК код - определител по УДК 159.942
УДК - код + определител 159.942
100 ## - Редна дума - Автор
R(LIN) 1299
Автор Търнър, Тина
Авторска отговорност първи автор
139 ## - Редно поле
Редна дума Търнър, Тина
Авторски знак Тър - Т 96
245 ## - Сведения за заглавието
Заглавие Щастието ти отива
Подзаглавни данни Пътеводител за по-добър живот
Редно поле (дума) Тина Търнър; прев. от англ. Тодор Кенов.
260 ## - Област на издателските данни
Място на издаване, разпространение и проч. София
Име на издателя, разпространителя и проч. Locus publishing
Година на издаване 2021
Печатница Алианс Принт
300 ## - Физическа характеристика
Страници 224 с.
Илюстрации и др. сн.
Размери/Мащаб 21 см.
380 ## - Жанр
Жанр Философия
490 ## - СЕРИИ (Колекции)
9 (RLIN) 417409
Име на серия Библиотека Via sine fine
№: серия 12
501 ## - Забележка „подвързано към”
Забележка: Подвързано към... Орг. заглавие: Happiness becomes you/ Tina Turner
700 ## - Други автори (авторска отговорност)
Лично име Кенов, Тодор Кенов
9 (RLIN) 363938
730 ## - Точка за достъп--Унифицирано заглавие
Унифицирано заглавие Happiness becomes you/ Tina Turner
9 (RLIN) 441388
852 ## - Местоположение
Фондова буква Заемна - подръчен фонд
999 ## - СИСТЕМНИ КОНТРОЛНИ НОМЕРА
Koha biblionumber 398459
Koha biblioitemnumber 398459
942 ## - АРТИКУЛИ
Вид на библиотечния материал Книги
Скрит в OPAC Не
Периодичен библиозапис Да
Koha issues (borrowed), all copies 22
944 ## - СЪЗДАВАНЕ И РЕДАКЦИЯ на ЗАПИСА
Създаване/Редакция Създаване
Дата на регистрацията/редакция 2021-02-15
Служител, извършил регистрацията/редакцията 30576
Статус, дата на статуса Цветомила Тодорова
999 ## - СИСТЕМНИ КОНТРОЛНИ НОМЕРА
Koha biblioitemnumber 398459
Наличности
Код за отписване Код за изгубен артикул Източник на класификационната схема Код за повреда Коз за рестрикции Код за отдаване Артикулен № Име на библиотеката - собственик Име на библиотеката, в която се намира в момента Статус (Текущо местоположение) Дата на вписване в системата Местоположение - отдел Цена в лева Систематично азбучна сигнатура Баркод Цена в евро Служебен тип на артикула
  Не е изгубен Universal Decimal Classification Не е повреден без рестрикции заемане за дома 812564 Регионална библиотека "Любен Каравелов" Русе Регионална библиотека "Любен Каравелов" Русе Заемна - подръчен фонд 2021-02-17 Заемна - подръчен фонд 13.51 159.9/Т 96 Т 120000850789 6.91 Книги
  Не е изгубен Universal Decimal Classification Не е повреден само за читалня ползва се в читалня 845993 Регионална библиотека "Любен Каравелов" Русе Регионална библиотека "Любен Каравелов" Русе Хранилище 2021-08-02 Хранилище 18.00 Цб 308602 120000858701 9.20 Книги
Vip Innovations Ltd, Rousse, Bulgaria 2025